[Event "Doeberl Cup 34th"]
[Site "Canberra"]
[Date "1996.??.??"]
[Round "3"]
[White "Gedevanishvili, Dmitry"]
[Black "Depasquale, Chris"]
[Result "1-0"]
[WhiteElo "2365"]
[BlackElo "2255"]
[PlyCount "80"]
[EventDate "1996.04.??"]
[EventType "swiss"]
[EventRounds "7"]
[EventCountry "AUS"]
[SourceTitle "CBM 051 Extra"]
[Source "ChessBase"]
[SourceDate "1996.05.01"]
[SourceVersion "1"]
[SourceVersionDate "1996.05.01"]
[SourceQuality "1"]

1. e4 Nf6 2. e5 Nd5 3. d4 d6 4. Nf3 dxe5 5. Nxe5 g6 6. Bc4 c6 7. 0-0 Bg7 8. Re1 0-0 9. Bf1 Bf5 10. c3 Nd7 11. Nf3 Re8 12. Bg5 Qb6 13. Qb3 h6 14. Bh4 e5 15. dxe5 Nxe5 16. Nxe5 Bxe5 17. Nd2 g5 18. Bg3 Bxg3 19. hxg3 Qxb3 20. Nxb3 Kf8 21. Na5 Rxe1 22. Rxe1 Rb8 23. a3 Nf6 24. b4 Bd7 25. Rd1 b6 26. Nxc6 Bxc6 27. Rd6 Rc8 28. Rxf6 Kg7 29. Rd6 Be4 30. c4 Bf5 31. f4 gxf4 32. gxf4 Be6 33. Rd4 Kf6 34. Kf2 Rc7 35. Be2 Rc8 36. g4 Rc7 37. Ke3 Bc8 38. Rd6+ Kg7 39. f5 Ba6 40. Bd3 f6 1-0

[Event "AUS op"]
[Site "Sydney"]
[Date "1996.??.??"]
[Round "10"]
[White "Gedevanishvili, Dmitry"]
[Black "Solomon, Stephen J"]
[Result "1-0"]
[WhiteElo "2365"]
[BlackElo "2395"]
[PlyCount "53"]
[EventDate "1996.??.??"]
[EventType "swiss"]
[EventRounds "10"]
[EventCountry "AUS"]
[SourceTitle "EXT 2003"]
[Source "ChessBase"]
[SourceDate "2002.11.25"]
[SourceVersion "1"]
[SourceVersionDate "2002.11.25"]
[SourceQuality "1"]

1. Nf3 d5 2. d4 c6 3. c4 e6 4. g3 dxc4 5. Bg2 b5 6. a4 Bb7 7. 0-0 Nf6 8. Ne5 Nd5 9. e4 Nb4 10. d5 cxd5 11. exd5 Bxd5 12. Nc3 Bxg2 13. Qxd8+ Kxd8 14. Kxg2 Ke7 15. axb5 Nd7 16. Nxc4 Kf6 17. Rd1 Nc5 18. Be3 Kf5 19. b6 a5 20. Rxa5 Rxa5 21. Nxa5 Ncd3 22. Na2 Ke4 23. b7 Be7 24. Nxb4 Nxb4 25. Ba7 Na6 26. Nc6 Bf6 27. Ra1 1-0

[Event "AUS-ch"]
[Site "Sydney"]
[Date "1995.??.??"]
[Round "2"]
[White "Gedevanishvili, Dmitry"]
[Black "Dinh, Duc Trong"]
[Result "1-0"]
[WhiteElo "2365"]
[BlackElo "2225"]
[PlyCount "77"]
[EventDate "1995.??.??"]
[EventType "swiss"]
[EventRounds "11"]
[EventCountry "AUS"]
[SourceTitle "EXT 1998"]
[Source "ChessBase"]
[SourceDate "1997.11.17"]
[SourceVersion "1"]
[SourceVersionDate "1997.11.17"]
[SourceQuality "1"]

1. Nf3 g6 2. e4 Bg7 3. d4 d6 4. Be2 Nf6 5. Nc3 c6 6. 0-0 0-0 7. h3 Nbd7 8. Bf4 Qa5 9. Nd2 Qc7 10. a4 e5 11. dxe5 dxe5 12. Be3 Rd8 13. Bg4 Nxg4 14. Qxg4 Nf8 15. Qh4 Ne6 16. Nf3 Nd4 17. Nxd4 exd4 18. Bf4 Qd7 19. Rad1 Qe8 20. Bg5 Rd7 21. Ne2 b6 22. Rfe1 Ba6 23. Ng3 c5 24. Nf5 gxf5 25. exf5 Qc8 26. f6 Bf8 27. Re5 Bb7 28. Rde1 Kh8 29. Bh6 Qc6 30. Rg5 Qxf6 31. Bxf8 Rxf8 32. Rg8+ Kxg8 33. Qxf6 Rd5 34. Re4 Bc8 35. Re7 Bf5 36. Qg5+ Kh8 37. g4 Be6 38. Qf6+ Kg8 39. Rxe6 1-0

[Event "AUS-ch"]
[Site "Sydney"]
[Date "1995.??.??"]
[Round "3"]
[White "Tao, Trevor"]
[Black "Gedevanishvili, Dmitry"]
[Result "0-1"]
[WhiteElo "2420"]
[BlackElo "2365"]
[PlyCount "108"]
[EventDate "1995.??.??"]
[EventType "swiss"]
[EventRounds "11"]
[EventCountry "AUS"]
[SourceTitle "EXT 1998"]
[Source "ChessBase"]
[SourceDate "1997.11.17"]
[SourceVersion "1"]
[SourceVersionDate "1997.11.17"]
[SourceQuality "1"]

1. c4 Nf6 2. Nc3 c5 3. Nf3 e6 4. d4 cxd4 5. Nxd4 d6 6. e4 a6 7. Be2 Be7 8. 0-0 0-0 9. Be3 b6 10. Qd2 Bb7 11. f3 Nbd7 12. b3 Rc8 13. Rac1 Re8 14. Rfd1 Bf8 15. Bf1 Qc7 16. Bf2 Qb8 17. Nc2 Red8 18. Ne3 Ne5 19. Qe2 h6 20. g3 g6 21. Bg2 Bg7 22. Nf1 Bc6 23. a4 Ba8 24. Ne3 Nc6 25. Nc2 Nd7 26. Nd4 Nb4 27. Na2 Nxa2 28. Qxa2 d5 29. cxd5 Rxc1 30. Rxc1 exd5 31. Nc6 Bxc6 32. Rxc6 dxe4 33. f4 Nf6 34. Qc2 Re8 35. Bd4 Qd8 36. Bxb6 Qd5 37. Rc4 Qd6 38. Bc5 Qd7 39. Qe2 h5 40. Bd4 Ng4 41. Bxg7 Kxg7 42. Rxe4 Qa7+ 43. Kf1 Rd8 44. Ke1 Qc5 45. Qb2+ Kh7 46. Bf1 Ne3 47. b4 Nc2+ 48. Ke2 Qg1 49. Qe5 Qxh2+ 50. Kf3 Rd2 51. Be2 Qg1 52. f5 g5 53. Re3 Rd4 54. Bxa6 g4+ 0-1

[Event "New South Wales-ch"]
[Site "Sydney"]
[Date "1991.09.29"]
[Round "8"]
[White "Gedevanishvili, Dmitry"]
[Black "Kanikevich, Alexander"]
[Result "1-0"]
[WhiteElo "2328"]
[BlackElo "2267"]
[PlyCount "85"]
[EventDate "1991.08.11"]
[EventType "tourn"]
[EventRounds "11"]
[EventCountry "AUS"]
[SourceTitle "EXT 2006"]
[Source "ChessBase"]
[SourceDate "2005.11.24"]
[SourceVersion "1"]
[SourceVersionDate "2005.11.24"]
[SourceQuality "1"]

1. Nf3 Nf6 2. d4 g6 3. c4 Bg7 4. g3 0-0 5. Bg2 d6 6. Nc3 Nbd7 7. 0-0 c6 8. Qc2 e5 9. Rd1 Qc7 10. b3 Re8 11. e4 a5 12. Ba3 exd4 13. Nxd4 Nc5 14. f3 b6 15. Qf2 Bb7 16. Rac1 Rad8 17. Rc2 Qb8 18. Bc1 Nfd7 19. h3 Ne5 20. Rcd2 Ned7 21. Re2 Ne6 22. Be3 Ndc5 23. Red2 Qc7 24. f4 Qe7 25. g4 Nxd4 26. Bxd4 Bxd4 27. Rxd4 Ne6 28. R4d3 Nc5 29. R3d2 Qf6 30. Qg3 Bc8 31. Kh2 h6 32. Rf1 Bb7 33. Rdf2 Qd4 34. Rd1 Qf6 35. h4 Kg7 36. Kg1 Bc8 37. g5 hxg5 38. hxg5 Qe7 39. f5 gxf5 40. exf5 Qe3 41. f6+ Kg8 42. Qh4 Re5 43. g6 1-0

[Event "Sydney Cepacol"]
[Site "Sydney"]
[Date "1991.??.??"]
[Round "3"]
[White "Gedevanishvili, Dmitry"]
[Black "West, Guy"]
[Result "1/2-1/2"]
[WhiteElo "2400"]
[BlackElo "2445"]
[PlyCount "124"]
[EventDate "1991.01.??"]
[EventType "tourn"]
[EventRounds "9"]
[EventCountry "AUS"]
[EventCategory "9"]
[SourceTitle "CBM 023"]
[Source "ChessBase"]
[SourceDate "1991.08.01"]
[SourceVersion "1"]
[SourceVersionDate "1991.08.01"]
[SourceQuality "1"]

1. d4 d5 2. Nf3 e6 3. c4 c6 4. cxd5 exd5 5. Nc3 Nf6 6. Bg5 Be7 7. e3 Ne4 8. Bxe7 Qxe7 9. Qc2 Nd7 10. Bd3 Ng5 11. Nd2 Nf6 12. 0-0-0 Bd7 13. Rhg1 h5 14. h4 Ne6 15. Nf3 0-0-0 16. Kb1 Kb8 17. Ka1 Ng4 18. Rge1 Qf6 19. Rd2 Bc8 20. b4 b6 21. Na4 Bb7 22. Nb2 Rc8 23. Bf5 Rc7 24. Rc1 Rhc8 25. Bxe6 fxe6 26. Nd3 Ba6 27. Nde5 Ka8 28. Nxg4 hxg4 29. Ne5 Qxh4 30. Qg6 Qe7 31. Rdc2 Bb7 32. g3 Qd6 33. a3 c5 34. Nd3 cxd4 35. Rxc7 Rxc7 36. exd4 a6 37. Kb2 Ka7 38. Rxc7 Qxc7 39. Ne5 a5 40. Qxe6 axb4 41. axb4 Ka6 42. Qxg4 Bc6 43. Qd1 Bb5 44. f4 Qd6 45. Qd2 Qh6 46. g4 Qh3 47. f5 Bc4 48. Qc3 Qf1 49. Ka3 Kb5 50. Nxc4 dxc4 51. d5 Qd1 52. g5 Qxd5 53. f6 gxf6 54. gxf6 Kc6 55. Qe3 Qf5 56. Qe8+ Kb7 57. Qf7+ Kb8 58. Ka4 Qc8 59. Kb5 c3 60. Qe7 Qf5+ 61. Ka6 Qf1+ 62. Kxb6 Qf2+ 1/2-1/2

[Event "Sydney Mercantile"]
[Site "Sydney"]
[Date "1991.??.??"]
[Round "7"]
[White "Wang, Zili"]
[Black "Gedevanishvili, Dmitry"]
[Result "1-0"]
[WhiteElo "2500"]
[BlackElo "2400"]
[PlyCount "111"]
[EventDate "1991.04.??"]
[EventType "tourn"]
[EventRounds "9"]
[EventCountry "AUS"]
[EventCategory "10"]
[SourceTitle "CBM 023"]
[Source "ChessBase"]
[SourceDate "1991.08.01"]
[SourceVersion "1"]
[SourceVersionDate "1991.08.01"]
[SourceQuality "1"]

1. e4 e6 2. d4 d5 3. Nc3 Nf6 4. e5 Ng8 5. f4 c5 6. Nf3 Nc6 7. Be3 cxd4 8. Nxd4 Nxd4 9. Bxd4 Ne7 10. Bc5 b6 11. Bd6 Nf5 12. Bxf8 Qh4+ 13. g3 Nxg3 14. hxg3 Qxg3+ 15. Kd2 Qxf4+ 16. Ke1 Qg3+ 17. Kd2 Qf4+ 18. Ke1 Qxe5+ 19. Qe2 Qxe2+ 20. Bxe2 Kxf8 21. Kd2 Bb7 22. Nb5 Ke7 23. Rh3 a6 24. Nc7 Ra7 25. Ra3 Rc8 26. Nb5 Raa8 27. Nd4 g6 28. Rb3 b5 29. a4 e5 30. Nf3 f6 31. axb5 axb5 32. Rh1 h5 33. Nh4 Kf7 34. Rg1 Ra4 35. Nxg6 Rd4+ 36. Rd3 Rb4 37. b3 h4 38. Bh5 Ke6 39. Rf3 Rd4+ 40. Kc1 Ra8 41. Kb2 f5 42. Rg5 f4 43. Nxh4 Re4 44. Rg6+ Kd7 45. Rc3 b4 46. Bg4+ Kd8 47. Rg8+ Ke7 48. Rc7+ Kd6 49. Rgg7 Bc6 50. Nf5+ Kc5 51. Ne7 Re1 52. Nxc6 Raa1 53. Nxe5+ Kd6 54. Nc4+ dxc4 55. Rgd7+ Ke5 56. Re7+ 1-0

[Event "AUS-ch"]
[Site "Sydney"]
[Date "1990.??.??"]
[Round "2"]
[White "Gedevanishvili, Dmitry"]
[Black "Hill, Robin"]
[Result "1-0"]
[WhiteElo "2380"]
[BlackElo "2175"]
[PlyCount "81"]
[EventDate "1990.01.??"]
[EventType "swiss"]
[EventRounds "11"]
[EventCountry "AUS"]
[SourceTitle "EXT 2011"]
[Source "ChessBase"]
[SourceDate "2010.11.26"]
[SourceVersion "1"]
[SourceVersionDate "2010.11.26"]
[SourceQuality "1"]

1. c4 Nf6 2. Nc3 c5 3. Nf3 e6 4. g3 d5 5. cxd5 Nxd5 6. Bg2 Nc6 7. 0-0 Be7 8. Nxd5 exd5 9. d4 0-0 10. dxc5 Bxc5 11. Qc2 Bb6 12. Ng5 g6 13. Qd1 Nd4 14. Be3 Ne6 15. Nxe6 Bxe6 16. Bd4 Rc8 17. e3 Qd6 18. Qd2 Rc4 19. Bxb6 Qxb6 20. b3 Rc5 21. h4 h5 22. Rac1 Rfc8 23. Bf3 a5 24. Rxc5 Rxc5 25. Rd1 Qc6 26. Kg2 a4 27. Qd4 a3 28. e4 dxe4 29. Bxe4 Qb6 30. Kh2 Bf5 31. Bxf5 gxf5 32. Re1 Qc6 33. Qd8+ Kh7 34. Re8 f4 35. Rh8+ Kg6 36. Qg8+ Kf5 37. Qxf7+ Ke4 38. Qxf4+ Kd3 39. Rd8+ Rd5 40. Qf3+ Kd4 41. Qe3# 1-0

[Event "Sydney"]
[Site "Sydney"]
[Date "1990.??.??"]
[Round "5"]
[White "Gedevanishvili, Dmitry"]
[Black "Johansen, Darryl Keith"]
[Result "0-1"]
[WhiteElo "2420"]
[BlackElo "2420"]
[PlyCount "76"]
[EventDate "1990.??.??"]
[EventType "tourn"]
[EventRounds "9"]
[EventCountry "AUS"]
[EventCategory "6"]
[SourceTitle "CBM 020"]
[Source "ChessBase"]
[SourceDate "1991.02.01"]
[SourceVersion "1"]
[SourceVersionDate "1991.02.01"]
[SourceQuality "1"]

1. Nf3 g6 2. e4 Bg7 3. d4 d6 4. Nc3 a6 5. a4 Bg4 6. Be2 Nc6 7. Be3 e5 8. dxe5 dxe5 9. Qxd8+ Rxd8 10. Nd5 Rd7 11. 0-0-0 h5 12. Rd2 Nf6 13. Nxf6+ Bxf6 14. Rxd7 Kxd7 15. c3 Nd8 16. Rd1+ Ke8 17. Bc4 Bg7 18. Kc2 Ne6 19. Bd5 c6 20. Ba2 Nf4 21. Bxf4 exf4 22. Rd3 Bf6 23. h3 Bc8 24. a5 g5 25. Nd4 g4 26. Ne2 Be5 27. h4 f5 28. Rd1 fxe4 29. Nd4 Ke7 30. Re1 c5 31. Nb3 e3 32. fxe3 f3 33. gxf3 gxf3 34. Nxc5 Rf8 35. Nd3 f2 36. Rf1 Bg3 37. Nf4 Bxf4 38. exf4 Rxf4 0-1

[Event "AUS-ch"]
[Site "Sydney"]
[Date "1990.??.??"]
[Round "4"]
[White "Gedevanishvili, Dmitry"]
[Black "Levi, Eddy"]
[Result "1-0"]
[WhiteElo "2380"]
[BlackElo "2203"]
[PlyCount "63"]
[EventDate "1990.01.??"]
[EventType "swiss"]
[EventRounds "11"]
[EventCountry "AUS"]
[SourceTitle "EXT 2011"]
[Source "ChessBase"]
[SourceDate "2010.11.26"]
[SourceVersion "1"]
[SourceVersionDate "2010.11.26"]
[SourceQuality "1"]

1. d4 d6 2. e4 Nf6 3. Nc3 g6 4. Nf3 Bg7 5. Be2 0-0 6. 0-0 e5 7. dxe5 dxe5 8. Qxd8 Rxd8 9. Bg5 Re8 10. Rad1 h6 11. Bxf6 Bxf6 12. Nd5 Bd8 13. Nxe5 c6 14. Ne3 Bc7 15. N5c4 Rxe4 16. Nd6 Bxd6 17. Rxd6 Kf8 18. Rfd1 Ke7 19. Rd8 Be6 20. Rh8 Bd7 21. Rxh6 Na6 22. Bd3 Rb4 23. Bxg6 Be6 24. Nf5+ Kf6 25. Bh7+ Kg5 26. h4+ Kf4 27. g3+ Ke5 28. Ne3 f5 29. f4+ Ke4 30. Rxe6+ Kf3 31. Rf1+ Kxg3 32. Rg6+ 1-0

[Event "Sydney"]
[Site "Sydney"]
[Date "1990.??.??"]
[Round "1"]
[White "Gedevanishvili, Dmitry"]
[Black "Madl, Ildiko"]
[Result "1-0"]
[WhiteElo "2420"]
[BlackElo "2390"]
[PlyCount "93"]
[EventDate "1990.??.??"]
[EventType "tourn"]
[EventRounds "9"]
[EventCountry "AUS"]
[EventCategory "6"]
[SourceTitle "CBM 020"]
[Source "ChessBase"]
[SourceDate "1991.02.01"]
[SourceVersion "1"]
[SourceVersionDate "1991.02.01"]
[SourceQuality "1"]

1. d4 Nf6 2. Nf3 c5 3. e3 g6 4. Bd3 Bg7 5. 0-0 0-0 6. Nbd2 d6 7. c3 Nc6 8. dxc5 dxc5 9. Qe2 Qc7 10. a4 b6 11. Nc4 Nh5 12. Rd1 Bb7 13. Bd2 Rad8 14. Be1 e6 15. Rab1 Ne7 16. Na3 Bc6 17. Bb5 Bd5 18. Nc4 Bb7 19. a5 bxa5 20. Ra1 a6 21. Ba4 Nf6 22. Nfd2 Ba8 23. f3 e5 24. e4 Nh5 25. Bc2 Nf4 26. Qf1 Nc6 27. Bf2 Ne6 28. Ne3 Ne7 29. Qxa6 Rb8 30. Ndc4 Nd4 31. cxd4 cxd4 32. Nd5 Nxd5 33. exd5 Bxd5 34. Bd3 Bxc4 35. Qxc4 Qb6 36. Ra2 Rfc8 37. Qd5 Rc5 38. Qd7 Qb3 39. Qa7 Rbc8 40. Rda1 Rc1+ 41. Bf1 Rxa1 42. Rxa1 Qxb2 43. Qxa5 e4 44. fxe4 d3 45. Rd1 Bc3 46. Qa6 Rd8 47. Rxd3 1-0

[Event "AUS-ch"]
[Site "Sydney"]
[Date "1990.??.??"]
[Round "6"]
[White "Gedevanishvili, Dmitry"]
[Black "Wohl, Aleksandar H"]
[Result "1-0"]
[WhiteElo "2380"]
[BlackElo "2412"]
[PlyCount "59"]
[EventDate "1990.01.??"]
[EventType "swiss"]
[EventRounds "11"]
[EventCountry "AUS"]
[SourceTitle "EXT 2011"]
[Source "ChessBase"]
[SourceDate "2010.11.26"]
[SourceVersion "1"]
[SourceVersionDate "2010.11.26"]
[SourceQuality "1"]

1. c4 Nf6 2. Nc3 e5 3. Nf3 Nc6 4. g3 Bb4 5. Bg2 0-0 6. 0-0 Bxc3 7. bxc3 e4 8. Ng5 Re8 9. f3 e3 10. dxe3 d5 11. Qc2 h6 12. Nh3 dxc4 13. Nf2 Be6 14. e4 Nd7 15. f4 f6 16. Rb1 Rb8 17. Ba3 Na5 18. Rbd1 Qc8 19. e5 fxe5 20. f5 Bf7 21. Ne4 b5 22. f6 Nf8 23. fxg7 Kxg7 24. Nf6 Rd8 25. Bxf8+ Kxf8 26. Qh7 Qe6 27. Qxh6+ Ke7 28. Nd5+ Rxd5 29. Qh4+ Ke8 30. Bxd5 1-0